000 01403nam a2200433 i 4500
001 55221
003 KOSZ 005
005 20200108101957.0
008 070822s2007 pl a f f |001 0 pol
015 _aPB 2007/18756
020 _a9788373354111
040 _aWA N
_cWA N
_dKOSZ 005/HR
046 _k2007
080 _a681.5
080 _a658.5
080 _a004.414.23
080 _a519.87
080 _a(07)
100 1 _aZdanowicz, Ryszard
_eAutor
245 1 0 _aModelowanie i symulacja procesów wytwarzania /
_cRyszard Zdanowicz.
250 _aWydanie 2.
260 _aGliwice :
_bWydawnictwo Politechniki Śląskiej,
_c2007.
300 _a314, [2] stron :
_bilustracje (w tym kolorowe) ;
_c24 cm.
336 _aTekst
_btxt
_2rdacontent
337 _aBez urządzenia pośredniczącego
_bn
_2rdamedia
338 _aWolumin
_bnc
_2rdacarrier
380 _aKsiążki
388 _a2001-
504 _aBibliografia na stronach [302]-309. Indeks.
658 _aInżynieria i technika
650 4 _aElastyczne systemy wytwarzania
650 4 _aSymulacja
650 4 _aModele matematyczne
650 4 _aPrzemysł
655 4 _aPodręcznik
710 2 _aPolitechnika Śląska (Gliwice)
_bWydawnictwo
_4pbl.
856 _uhttp://koha.tu.koszalin.pl/cgi-bin/koha/opac-detail.pl?biblionumber=55221
_yKatalog online BPK
942 _2UKD
_cKS
999 _c55221
_d55221